Geography Quiz

Random Geography or Asia Quiz

Asian 'T' Countries Quiz Stats

 Plays Quiz Updated Feb 28, 2016

Also try: 'F' Countries
Challenge
Share
Tweet
Embed
Score 0/6 Timer 00:30
2 Plays Today
% Correct
Thailand
85.7%
Turkmenistan
78.1%
Tajikistan
73.8%
Taiwan
71.4%
Turkey
70.1%
Timor-Leste
42.5%

You're not logged in!

Compare scores with friends on all Sporcle quizzes.
OR
Log In

You Might Also Like...

Show Comments

Extras

Top Quizzes Today


Score Distribution

Your Account Isn't Verified!

In order to create a playlist on Sporcle, you need to verify the email address you used during registration. Go to your Sporcle Settings to finish the process.

Report this User

Report this user for behavior that violates our Community Guidelines.

Details: